| 000 | 00472nam a2200169 i 4500 | ||
|---|---|---|---|
| 001 | 24774 | ||
| 003 | ES-MaACL | ||
| 005 | 20230906153127.0 | ||
| 007 | t| | ||
| 008 | 021218s1972 pe ||||1| spa d | ||
| 100 | 1 |
_aAngrand, Léonce. _921756 |
|
| 245 | 1 | 0 |
_aImagen del Perú en el siglo XIX / _cLéonce Angrand. |
| 250 | _a[1ª ed.]. | ||
| 260 |
_aLima : _bMilla Batres, _c1972. |
||
| 300 |
_a285 p., 20 lám. : _bil. ; _c29 cm. |
||
| 852 |
_aES-MaACL _jC-43969 _bR.83953 |
||
| 999 |
_c24774 _d24774 |
||